| 000 | 00400nam a22001457a 4500 | ||
|---|---|---|---|
| 003 | OSt | ||
| 008 | 110524b xxu||||| |||| 00| 0 eng d | ||
| 100 | 1 | _aWebb, Francis Wynne | |
| 020 | _a9789963762477 | ||
| 041 | _aeng | ||
| 245 | 1 | 0 | _aPhilatelic and Postal History of Hong Kong and the Treaty Ports in China and Japan |
| 260 |
_aUS _bBendon (James),Cyprus |
||
| 300 | _a556 pages | ||
| 942 | _ereprint 1994 | ||
| 999 |
_c70 _d70 |
||